[Event "Pilzno op 4th"]
[Site "Pilzno"]
[Date "2010.06.05"]
[Round "6"]
[White "Dworak, Artur"]
[Black "Markiewicz, Jerzy"]
[Result "0-1"]
[WhiteElo "1744"]
[BlackElo "2290"]
[PlyCount "74"]
[EventDate "2010.06.03"]
[EventType "swiss"]
[EventRounds "7"]
[EventCountry "POL"]
[SourceTitle "CBM 136 Extra"]
[Source "ChessBase"]
[SourceDate "2010.07.02"]
[SourceVersion "2"]
[SourceVersionDate "2010.07.15"]
[SourceQuality "1"]

1. d4 d6 2. c4 e5 3. Nc3 Nd7 4. Nf3 g6 5. e3 Bg7 6. Be2 Ngf6 7. dxe5 dxe5 8. 0-0 0-0 9. e4 c6 10. Qc2 Ne8 11. Be3 Nc7 12. Rad1 Ne6 13. b4 Nf4 14. c5 Nxe2+ 15. Nxe2 Qe7 16. Ng3 Nf6 17. h3 Ne8 18. Rd2 Nc7 19. Rfd1 f5 20. Bg5 Qf7 21. Rd8 Be6 22. Rxa8 Nxa8 23. exf5 gxf5 24. Nd2 Nc7 25. a4 Bd5 26. Re1 Ne6 27. Bh4 Nf4 28. Nf3 Bxf3 29. gxf3 Ng6 30. Bg5 f4 31. Ne4 h6 32. Nd6 Qe6 33. Bxh6 Nh4 34. Kf1 Qxh3+ 35. Ke2 Qxf3+ 36. Kf1 Qg2+ 37. Ke2 Bxh6 0-1

[Event "Pilzno op 4th"]
[Site "Pilzno"]
[Date "2010.06.04"]
[Round "4"]
[White "Kawula, Andrzej"]
[Black "Dworak, Artur"]
[Result "0-1"]
[WhiteElo "2077"]
[BlackElo "1744"]
[PlyCount "70"]
[EventDate "2010.06.03"]
[EventType "swiss"]
[EventRounds "7"]
[EventCountry "POL"]
[SourceTitle "CBM 136 Extra"]
[Source "ChessBase"]
[SourceDate "2010.07.02"]
[SourceVersion "2"]
[SourceVersionDate "2010.07.15"]
[SourceQuality "1"]

1. c4 e5 2. Nc3 Nf6 3. e4 Nc6 4. d3 Bb4 5. Bd2 d6 6. Be2 0-0 7. Nf3 Bg4 8. 0-0 Bxf3 9. Bxf3 Nd7 10. g3 Bxc3 11. bxc3 Nb6 12. a4 a5 13. Be3 Nd7 14. Rb1 Rb8 15. d4 f5 16. exf5 Rxf5 17. Be4 Rf8 18. Qd3 Nf6 19. Bg5 h6 20. Bh4 Qd7 21. Bf5 Qe7 22. Bg6 exd4 23. cxd4 Kh8 24. Rfe1 Qd7 25. Bf5 Qf7 26. Bg6 Qd7 27. h3 Ne7 28. Bh5 g5 29. Qd2 Nxh5 30. Bxg5 hxg5 31. Qxg5 Qf5 32. Qh6+ Kg8 33. Qd2 Nf4 34. Rb5 Qg6 35. f3 Nxh3+ 0-1